000 00994nam a2200133Ia 4500
008 220216s9999 xx 000 0 und d
100 _aSeng O M
245 0 _aRubberwood utilization- Regulatory aspects
260 _bProceedings of the Rubberwood Utilization Seminar, Kuala Lumpur, 1982; p71-77
_c1982
520 _aThe present restrictions and regulations governing the interstate movement of rubberwood and its processing in Peninsular Malaysia are discussed. Such regulations are necessary in order to encourage the orderly development of the industry. It is pointed out that a uniform rate of royalty assessment is needed to encourage a more even distribution of the rubberwood processing mills in the various states. As policies and regulations differ in the different states of Peninsular Malaysia, interested entrepreneurs are advised to consult the relevent bodies for details in setting up processing plants.
650 _aRubberwood
650 _aRubberwood processing
942 _cBO
999 _c48146
_d48146